Municipis amb Ç - Statistics

General Stats
  • This quiz has been taken 12 times
  • The average score is 15 of 27
Answer Stats
Comarca Inicials Municipi % Correct
Baix Empordà C Corçà
78%
Lluçanès L Lluçà
78%
Selva M Maçanes
78%
Selva MdlS Maçanet de la Selva
78%
Lluçanès PdL Prats de Lluçanès
78%
Bages SVdC Sant Vicenç de Castellet
78%
Baix Llobregat SVdH Sant Vicenç dels Horts
78%
Moianès C Castellterçol
67%
Vallès Oriental SEdR Santa Eulàlia de Ronçana
67%
Anoia A Argençola
56%
Baix Penedès l'A l'Arboç
56%
Alt Empordà L Llançà
56%
Vallès Oriental Ld'A Lliçà d'Amunt
56%
Vallès Oriental LdV Lliçà de Vall
56%
Osona SBdL Sant Boi de Lluçanès
56%
Alt Penedès SLd'H Sant Llorenç d'Hortons
56%
Priorat C Capçanes
44%
Gironès F Flaçà
44%
Baix Penedès LdP Llorenç del Penedès
44%
Priorat M Marçà
44%
Vallès Occidental SLS Sant Llorenç Savall
44%
Osona SVdT Sant Vicenç de Torelló
44%
Alt Empordà MdC Maçanet de Cabrenys
33%
Baix Penedès M Masllorenç
33%
Osona SAdL Sant Agustí de Lluçanès
33%
Alt Empordà SLdlM Sant Llorenç de la Muga
33%
Solsonès SLdM Sant Llorenç de Morunys
33%
No matching quizzes found
Score Distribution
Percent of People with Each Score
Percentile by Number Answered
Your Score History
You have not taken this quiz